| 000 | 00508pab a2200169 454500 | ||
|---|---|---|---|
| 008 | 180718b2009 xxu||||| |||| 00| 0 eng d | ||
| 100 | _aPaluck, Elizabeth Levy | ||
| 245 | _aDeference, dissent, and dispute resolution: an experimental intervention using mass media to change norms and behavior in Rwanda | ||
| 260 | _c2009 | ||
| 300 | _ap.622-44. | ||
| 362 | _aNov | ||
| 650 | _aMass media | ||
| 700 | _aGreen, Donald P. | ||
| 773 | _aAmerican Political Science Review | ||
| 908 | _aN | ||
| 909 | _a85647 | ||
| 999 |
_c85647 _d85647 |
||